| 000 | 00897pab a2200181 454500 | ||
|---|---|---|---|
| 008 | 180718b2005 xxu||||| |||| 00| 0 eng d | ||
| 100 | _aSwamy, T.L.N. | ||
| 245 | _aEconomic reforms and khadi and village industries in India - some issues | ||
| 260 | _c2005 | ||
| 300 | _ap.145-50. | ||
| 362 | _aApr | ||
| 520 | _aThis paper presents an analysis of growth, labour absorption and labour efficiency of Khadi and Village industries in the context of economic reforms in India. The results indicate that Khadi and Village industries have shown a declining trend in terms of growth, employment and labour efficiency during the post reforms period (1991.92-2001.02) compared to the pre reforms period (1980.81 to 90.91). - Reproduced. | ||
| 650 | _aRural industries - India | ||
| 650 | _aEconomic reform - India | ||
| 650 | _aEconomic reform | ||
| 773 | _aAsian Economic Review | ||
| 909 | _a65464 | ||
| 999 |
_c65464 _d65464 |
||